Rzeczowniki zaczynające się na KOM- - Statystyki

Ogólne statystyki
  • Ten quiz został rozwiązany 37 razy
  • Średni wynik to 19 z 42
Statystyki odpowiedzi
Odpowiedź % Poprawnych
komin
97%
komputer
97%
komórka
87%
komar
84%
kometa
74%
komoda
71%
komenda
65%
komisja
61%
kompot
61%
komik
58%
komora
58%
kompas
58%
komunia
58%
komedia
55%
komentarz
55%
kominiarz
55%
komisariat
52%
kompan
52%
kominiarka
48%
komendant
45%
komiks
42%
komplet
42%
komplet
42%
komnata
39%
komplikacja
39%
komunikacja
39%
komentator
35%
kompozycja
35%
kompozytor
35%
kompromitacja
35%
kombinacja
32%
kombinezon
32%
kombajn
29%
komplement
29%
kominek
26%
kombinerki
23%
kompetencja
19%
kompleks
19%
komers
16%
komunikator
16%
kompaktor
6%
komwój
3%
Nie znaleziono quizów pasujących do podanych kryteriów
Rozkład punktacji
Procent ludzi z każdym wynikiem
Percentyl według liczby udzielonych odpowiedzi
Twoja historia wyników
Nie rozwiązałeś tego quizu